| 000 | 00700nam a2200313Ia 4500 | ||
|---|---|---|---|
| 001 | 2885 | ||
| 003 | 5781 | ||
| 005 | 20241026062611.0 | ||
| 008 | ||||||n9999 ||| || || | ||
| 041 | _apor | ||
| 082 |
_219 _a330101 |
||
| 100 |
_aGouvea de Bulhoes, Octavio _95502 |
||
| 245 | 0 | _aEconomia e politica economica | |
| 260 |
_aBrasil : _bLivraria AGIR editora, _c1960. |
||
| 300 | _a183p | ||
| 562 | _e1 | ||
| 650 | 0 |
_aPolítica económica _9154 |
|
| 650 | 0 |
_aEconomía _9207080 |
|
| 942 | _cBKM | ||
| 999 |
_c2885 _d2885 |
||
| 526 | _a15794 | ||
| 526 | _a102619 | ||
| 526 | _a116204 | ||
| 526 | _a4969 | ||
| 526 | _a19790 | ||
| 526 | _a104436 | ||
| 526 | _a5144 | ||
| 526 | _a51868 | ||
| 526 | _a1697 | ||